000 00421nam a2200097Ia 4500
008 180130s9999 xx 000 0 und d
245 _cChou, Yu-Cheng; Huang, Bo-Shiun; Peng, Bo-Jia
_aAn agent-based system for sensor cloud management
260 _c2015
300 _aBook title: Embedded systems : high performance systems, applied principles and practice--Acession number C20720; pages 113-128
650 _aEMBEDDED SYSTEMS
999 _c353986
_d353986